| 000 | 01344nam a2200289 a 4500 | ||
|---|---|---|---|
| 001 | BRCA_2446 | ||
| 005 | 20190320203819.0 | ||
| 008 | 181108s1808----sp-#---###---#000-0#spa-u | ||
| 041 | _aspa | ||
| 044 | _asp | ||
| 084 |
_a086 _b.S547 _c1808 |
||
| 100 | 1 |
_aCervantes Saavedra, Miguel de _d1547-1616 _9213 |
|
| 245 | 1 | 0 |
_aHistoria del Ingenioso Hidalgo Don Quixote de la Mancha _ccompuesto por Miguel de Cervantes Saavedra. |
| 260 |
_aBarcelona _bSierra y Martí _c1808 |
||
| 300 |
_a6 v. _c15 cm |
||
| 500 | _aContenido : v 1. Primera parte. Dedicatoria de Cide Hamete Benengeli a D. Quijote. Versos preliminares. Prólogo del autor. Texto. -- v 2. Texto. -- v 3. Texto. -- v 4 Segunda parte. Texto. -- v 5. Texto. -- v 6. Texto | ||
| 500 | _aEstado físico : Los volúmenes 1, 2 y 3 la encuadernación está deteriorada | ||
| 500 | _aEdición de surtido, basada en la de Vega de 1804, bien impresa y sobre buen papel. Suprime ambas dedicatorias cervantinas Lúdovick Osterc | ||
| 500 | _aQM68 | ||
| 650 | 1 | 4 |
_aNovela española _yÉpoca clásica, 1500-1700 _9215 |
| 650 | 1 | 4 |
_aLiteratura española _yÉpoca clásica, 1500-1700 _9216 |
| 650 | 1 | 4 |
_aNovela española _ySiglo XVII _9217 |
| 650 | 1 | 4 |
_aDon Quijote (Personaje ficticio) _eNovela _9218 |
| 740 | 0 | _aEl Ingenioso Hidalgo Don Quijote de la Mancha | |
| 902 | _aQFM | ||
| 942 |
_2lcc _cB |
||
| 999 |
_c2187 _d2187 |
||